000 01384naa a22003497a 4500
001 BR8705310
003 BR-BrBNA
005 20250721154520.0
007 ta
008 250630b bl.|||m| |||| 00| 0 por d
040 _aBR-BrBNA
_bpor
_cBiblioteca Nacional de Agricultura
041 _a(Pt)
072 _aF30
_b0150
_b3866
_bG514
090 _aF30 BR8705310
100 1 _aBacha, R.E.
100 1 _aIshiy, T.
111 1 _a14. Reuniao da Cultura do Arroz Irrigado
_cPelotas, RS (Brazil)
_d1-4 Oct 1985
245 1 _aSelecao de genotipos de arroz irrigado para resistencia a toxicidade de ferro
246 1 _a[Selection of irrigated rice genotypes for resistance to iron toxicity]
246 1 _a[Annals of the 14. Meeting of Irrigated Rice]
500 _aAnais da 14. Reuniao da Cultura do Arroz Irrigado Pelotas, RS (Brasil): 1985. p. 250-270 [2 tables; 6 ref.] (BR8705310-AMS)
773 0 _tAnais da 14. Reuniao da Cultura do Arroz Irrigado
_wF30 BR8705310
_gPelotas, RS (Brasil), 1985. p. 250-270
650 _aARROZ IRRIGADO
650 _aMELHORAMENTO GENETICO VEGETAL
650 _aGENOTIPO
650 _aFERRO
650 _aTOXIDEZ
650 _aSANTA CATARINA
490 _aDocumentos - Centro de Pesquisa Agropecuaria de Terras Baixas de Clima Temperado (Brazil)
_vno. 26
_xISSN 0101-9708
942 _cAMS
_2AGRIS
909 _a202506
_bLúcia
_c55
_dLúcia Elande
999 _c335277
_d335277